All Legendary Brawlers in Brawl Stars - Statistics

General Stats
  • This quiz has been taken 39 times
  • The average score is 9 of 12
Answer Stats
Answer % Correct
Spike
96%
Crow
89%
Leon
86%
Amber
82%
Meg
75%
Surge
75%
Kit
71%
Sandy
71%
Kenji
61%
Draco
54%
Chester
50%
Cordelius
50%
No matching quizzes found
Score Distribution
Percent of People with Each Score
Percentile by Number Answered
Your Score History
You have not taken this quiz